The law of agency

Bibliographic Details
Main Author: Fridman, G. H. L.
Format: Book
Published: London : Butterworth , 1990
Edition:6th. ed.
Subjects:

MARC

LEADER 00000cam a2200000 7i4500
001 0000009094
005 20160920.0
020 |a 0406518203 
040 |a INS 
090 0 0 |a KD2020   |b F75 1990 
100 1 |a Fridman, G. H. L. 
245 1 4 |a The law of agency   |c by G. H. L. Fridman 
250 |a 6th. ed. 
260 |a London :   |b Butterworth ,   |c 1990 
300 |a 400p ;   |c 24cm. 
500 |a Include indexs 
650 0 0 |a Agency(Law)   |z Great Britain 
999 |a 0000022399   |b BOOK   |c Open Shelf   |e Default branch 
999 |a 0000022400   |b BOOK   |c Open Shelf   |e Default branch